000 00580nam a2200265Ia 4500
008 210210b1978 xxu||||| |||| 00| 0 eng d
082 _a658 SINB
100 _aSINHA (J C)
245 _aBusiness management: theory and practice V1 Ed 3
250 _a
260 _aND
_bR Chand & Co.
_c1978
300 _a2.99
440 _a1
650 _aV1
650 _atheory
650 _apractice
650 _amanagement:
650 _aEd
650 _aBusiness
650 _aand
650 _a3
690 _aManagement
700 _aMUGALI (V N)
906 _aSG01502
999 _c113064
_d113064